| 000 | 00936nam a22002177a 4500 | ||
|---|---|---|---|
| 999 |
_c3521 _d3521 |
||
| 003 | AR-CdUCM | ||
| 008 | 190306b ||||| |||| 00| 0 spa d | ||
| 040 |
_aMUNICIPALIDAD PROVINCIAL DEL CUSCO _cBIBLIOTECA MUNICIPAL DEL CUSCO |
||
| 082 |
_a304.28 / _bA58 |
||
| 100 |
_aAnn Brownrigg, Leslie _911544 |
||
| 245 |
_aAl futuro desde la experiencia : _blos pueblos indígenas y el manejo del medio ambiente / |
||
| 260 |
_aEcuador : _bAbya-yala, _c1986. |
||
| 300 |
_a243 páginas ; _bfotografías, _c21 cm. |
||
| 505 | _aLas tendencias regionales y la gente nativa -- Desarrollo agrícola -- Industrialización -- La importancia de las ciencias y tecnologías nativas para conocer y manejar el medio ambiente... | ||
| 650 |
_aTecnologías nativas. _911545 |
||
| 650 |
_aTendencias regionales. _911546 |
||
| 650 |
_aDesarrollo agrícola. _91453 |
||
| 650 |
_aSistemas de cultivo. _911547 |
||
| 942 |
_2ddc _cLIBROS |
||
| 945 |
_awfj _d2019-03-06 |
||